|
|
|
|
| LEADER |
00809cam a2200241 a 4500 |
| 001 |
0000071282 |
| 005 |
20080804090000.0 |
| 040 |
|
|
|a mod
|
| 041 |
|
|
|a eng
|
| 020 |
0 |
0 |
|a 0719061512
|
| 090 |
0 |
0 |
|a 320.5
|b HAR
|e 2003
|
| 100 |
1 |
0 |
|a Harrison
|h Kevin
|
| 245 |
1 |
0 |
|a Understanding political ideas and movements
|b a guide for A2 politics students
|c Kevin Harrison and Tony Boyd
|
| 260 |
0 |
0 |
|a New York
|b Manchester University Press
|c 2003
|
| 300 |
0 |
0 |
|a vii, 360 p
|b ill.
|c 24 cm
|
| 440 |
0 |
0 |
|a Understanding politics
|
| 650 |
0 |
0 |
|a Political science Examinations Study guides
|
| 650 |
0 |
0 |
|a Social movements
|
| 650 |
0 |
0 |
|a Ideology
|
| 700 |
1 |
1 |
|a Boyd
|h Tony
|
| 852 |
0 |
0 |
|a 01
|
| 999 |
|
|
|a 0224657
|b KEMENTAH
|d BOOKS
|e Umum
|f Perpustakaan KEMENTAH
|j AVAILABLE
|q GOOD CONDITION
|
| 999 |
|
|
|a 0269765
|b KTD
|d BOOKS
|e Umum
|f KTD
|j AVAILABLE
|q GOOD CONDITION
|